000 00597nam a2200181Ia 4500
008 100921s9999 xx 000 0 und d
082 _b17792
_a808.068 थ 77
100 _aसहस्त्रबुध्दे नलिनी.
245 _aपालखी.
260 _bसोनसळे आणि कंपनी,अमरावती.
_c1977
300 _a67
_b---
365 _b4.5
520 _aललित-बालवाङ्रमय.
630 _aपालखी.
650 _aललित-बालवाङ्रमय.
730 _aपालखी.
942 _cBOOK
999 _c766905
_d766902